La Deputació del General de Catalunya en los siglos XV y XVI / por el Dr. Ignacio Rubio y Cambronero ; prólogo del Dr. Antonio de la Torre y del Cerro
MARC
| LEADER | 00000nam a2200000Ia 4500 | ||
|---|---|---|---|
| 001 | 8296 | ||
| 008 | 160829s1950 xx 000 0 cat d | ||
| 080 | |a FU-23-23 | ||
| 100 | 1 | |a Rubio y Cambronero, Ignacio, |d 1895-1973 |9 54602 | |
| 245 | |a La Deputació del General de Catalunya en los siglos XV y XVI / por el Dr. Ignacio Rubio y Cambronero ; prólogo del Dr. Antonio de la Torre y del Cerro | ||
| 260 | |a Barcelona : |b Diputación Provincial, |c 1950 | ||
| 300 | |a 16 p. : |b il., col. ; |c 31 cm | ||
| 590 | |a Fulletó de presentació d'aquesta obra. | ||
| 610 | 1 | 0 | |a Catalunya. |b Diputació del General |x Obres anteriors al 1800 |9 54548 |
| 650 | |a Catalunya |x Història |x S. XV-XVI |9 39124 | ||
| 700 | |a Torre y del Cerro, Antonio de la, pr. |9 36072 | ||
| 710 | 1 | |a Barcelona (Catalunya : Província). |b Diputació |9 52408 | |
| 856 | 4 | |u https://media.diba.cat/diba/fitxers/arxiu/fulletons/bib_8296_1950_baixa.pdf |y Accés lliure | |
| 856 | 4 | |u https://media.diba.cat/diba/fitxers/arxiu/fulletons/bib_8296_1950_baixa.pdf |y Accés lliure | |
| 901 | |a Arxiu | ||
| 942 | |n 1 |2 udc | ||
| 952 | |0 0 |1 0 |4 0 |6 FU2323 |7 1 |9 47166 |a Arxiu |b Arxiu |d 2016-12-01 |l 0 |o FU-23-23 |p 8296 |r 2016-12-01 00:00:00 |w 2016-12-01 |y ARXIU | ||
| 999 | |c 50963 |d 50963 | ||
| 900 | |a bib_8296_1950_baixa.pdf | ||